Missing Word: #1 Hits of 1989 Quiz Stats

 Plays Quiz Updated Aug 7, 2012

Support Sporcle.
Go Orange.
Score 0/18 Timer 03:00
0 Plays Today
#1 Hit Song Missing Word % Correct
She Drives Me _____Crazy
95.9%
Wind ____ My WingsBeneath
90.7%
We Didn't Start the _____Fire
90.6%
If You Don't _____ Me By NowKnow
79.9%
_____ PrerogativeMy
77.5%
_____ Day in ParadiseAnother
73%
Right _____ WaitingHere
65.2%
Like a _____Prayer
59.5%
_____ FlameEternal
58.4%
#1 Hit Song Missing Word % Correct
Blame It on the _____Rain
49.9%
Hangin' _____Tough
47.6%
When I See You _____Smile
39.1%
_____ to Your HeartListen
38.4%
Toy _____Soldiers
37.5%
Miss You _____Much
33.8%
The _____ YearsLiving
33.6%
_____ Your GirlForever
32.8%
_____ in Your EyesLost
23.7%

Today's Daily Dose

Missing Word
50 Cent Songs

Word Ladder
Close Gunshot

Quick Pick
Pop Punk Bands

Get the Picture
An 'S' in Disney

From the Vault

Michaels on TV

by zalkon2004

"Would I rather be feared or loved? Easy. Both. I want people to be afraid of how much they love me."
Remove Ads.
Support Sporcle.
Get the best of Sporcle when you Go Orange. This ad-free experience offers more features, more stats, and more fun while also helping to support Sporcle. Thank you for becoming a member.

Show Comments

Extras

Top Quizzes Today


Score Distribution

Your Account Isn't Verified!

In order to create a playlist on Sporcle, you need to verify the email address you used during registration. Go to your Sporcle Settings to finish the process.

Report this User

Report this user for behavior that violates our Community Guidelines.

Details: